| 000 | 00997cam a2200313 a 4500 | ||
|---|---|---|---|
| 001 | 2460 | ||
| 005 | 20231211093349.0 | ||
| 020 | _a0060292474 | ||
| 020 | _a0060292482 (lib. bdg.) | ||
| 020 | _a9780545124454 | ||
| 040 |
_aDLC _cDLC _dDLC _beng |
||
| 050 | 0 | 0 |
_aPZ7.G9846 _bMe 2003 |
| 082 | 0 | 0 |
_a813.6 _221 |
| 100 | 1 | _aGutman, Dan | |
| 245 | 1 | 0 |
_aMickey & me : _ba baseball card adventure / _cDan Gutman |
| 246 | 3 | _aMickey and me | |
| 260 |
_aNew York : _bScholastic, _c2003 |
||
| 300 |
_a152 pages : _billustrations ; _c20 cm |
||
| 505 | _aP | ||
| 520 | _aWhen Joe travels back in time to 1944, he meets the Milwaukee Chicks, one of the only all-female professional baseball teams in the history of the game. | ||
| 521 |
_a630 _bLexile |
||
| 521 |
_aP _bRaz-Plus |
||
| 650 | 1 |
_aBaseball _vFiction. |
|
| 650 | 1 |
_aBaseball cards _vFiction. |
|
| 650 | 1 |
_aSex role _vFiction. |
|
| 650 | 1 |
_aTime travel _vFiction. |
|
| 906 |
_a7 _bcbc _corignew _d1 _eecip _f20 _gy-gencatlg |
||
| 942 |
_2ddc _cBK _n0 |
||
| 999 |
_c2460 _d2460 |
||